[Event "London Weekend op 12"]
[Site "London"]
[Date "2016.12.10"]
[Round "3"]
[White "Jain, Gautam"]
[Black "Deflesselle, Tanguy"]
[Result "0-1"]
[WhiteElo "1828"]
[BlackElo "2146"]
[PlyCount "62"]
[EventDate "2016.12.09"]
[EventType "swiss"]
[EventRounds "5"]
[EventCountry "ENG"]
[SourceTitle "CBM 176 Extra"]
[Source "ChessBase"]
[SourceDate "2017.03.02"]
[SourceVersion "1"]
[SourceVersionDate "2017.03.02"]
[SourceQuality "1"]

1. e4 c5 2. Nc3 Nc6 3. f4 g6 4. Nf3 Bg7 5. Bc4 e6 6. 0-0 Nge7 7. Qe1 a6 8. d3 0-0 9. Bb3 d5 10. Qh4 Na5 11. f5 f6 12. Ng5 h6 13. Nxe6 Bxe6 14. fxe6 g5 15. Qf2 d4 16. Ne2 Nxb3 17. axb3 Qd6 18. b4 f5 19. Qg3 Qxe6 20. bxc5 fxe4 21. dxe4 Rxf1+ 22. Kxf1 Rf8+ 23. Kg1 Qxe4 24. Qd3 Qe5 25. b4 Nc6 26. Bd2 Qf6 27. Ng3 Qf2+ 28. Kh1 Ne5 29. Qe2 Qxe2 30. Nxe2 Ng4 31. Bc3 d3 0-1

[Event "FRA-chT2 West 0809"]
[Site "France"]
[Date "2008.10.19"]
[Round "1.7"]
[White "Deflesselle, Tanguy"]
[Black "Betton, Olivier"]
[Result "1-0"]
[WhiteElo "2187"]
[BlackElo "2185"]
[PlyCount "61"]
[EventDate "2008.10.19"]
[EventType "team-tourn"]
[EventRounds "11"]
[EventCountry "FRA"]
[SourceTitle "EXT 2010"]
[Source "ChessBase"]
[SourceDate "2010.11.25"]
[SourceVersion "1"]
[SourceVersionDate "2010.11.25"]
[SourceQuality "1"]
[WhiteTeam "Issy les Moulineaux"]
[BlackTeam "Evry Grand Roque II"]
[WhiteTeamCountry "FRA"]
[BlackTeamCountry "FRA"]

1. e4 c6 2. d4 d5 3. exd5 cxd5 4. c4 Nf6 5. Nc3 g6 6. Nf3 Bg7 7. cxd5 0-0 8. Bc4 Nbd7 9. 0-0 Nb6 10. Qb3 Bf5 11. Re1 Qc7 12. Bf1 h6 13. h3 Qd6 14. g4 Bc8 15. Re5 g5 16. Bg2 Rd8 17. Ne1 e6 18. Nb5 Qf8 19. d6 Nfd5 20. a4 a6 21. Nc7 Nxc7 22. dxc7 Rxd4 23. Re4 Rd6 24. Be3 Nd5 25. Bc5 Qe7 26. Bxd6 Qxd6 27. Rc4 Nxc7 28. Qc2 Bd7 29. Rxc7 Bc6 30. Rxc6 bxc6 31. Bxc6 1-0

[Event "FRA-chT2 Nord 0708"]
[Site "France"]
[Date "2008.01.19"]
[Round "5.7"]
[White "Deflesselle, Tanguy"]
[Black "Dehesdin, Wilfried"]
[Result "1-0"]
[WhiteElo "2154"]
[BlackElo "2095"]
[PlyCount "65"]
[EventDate "2007.10.21"]
[EventType "team"]
[EventRounds "11"]
[EventCountry "FRA"]
[SourceTitle "EXT 2009"]
[Source "ChessBase"]
[SourceDate "2008.11.26"]
[SourceVersion "1"]
[SourceVersionDate "2008.11.26"]
[SourceQuality "1"]
[WhiteTeam "Issy les Moulineaux"]
[BlackTeam "Le Touquet"]
[WhiteTeamCountry "FRA"]
[BlackTeamCountry "FRA"]

1. e4 d5 2. exd5 Nf6 3. c4 e6 4. d4 exd5 5. Nc3 Bb4 6. Nf3 0-0 7. Be2 c6 8. 0-0 h6 9. Bf4 Na6 10. Qb3 Be6 11. c5 Bxc3 12. bxc3 b5 13. a4 Nc7 14. axb5 cxb5 15. Bxb5 Rb8 16. Qa4 Ne4 17. Bd3 Bf5 18. Qxa7 Rc8 19. Qa5 Ne6 20. Qxd8 Rfxd8 21. Be3 f6 22. Nd2 Ng3 23. Bxf5 Nxf5 24. Ra6 Nc7 25. Rb6 Ne7 26. Bf4 Ng6 27. Bg3 h5 28. Nf3 Ne7 29. Rfb1 Nf5 30. Ne1 Re8 31. Bxc7 Rxc7 32. Kf1 Ne7 33. Nd3 1-0

[Event "Syre Memorial op 30th"]
[Site "Issy les Moulineaux"]
[Date "2007.05.17"]
[Round "2"]
[White "Simon, Olivier"]
[Black "Deflesselle, Tanguy"]
[Result "1-0"]
[WhiteElo "2384"]
[BlackElo "2138"]
[PlyCount "33"]
[EventDate "2007.05.17"]
[EventType "swiss"]
[EventRounds "6"]
[EventCountry "FRA"]
[SourceTitle "EXT 2008"]
[Source "ChessBase"]
[SourceDate "2007.11.25"]
[SourceVersion "1"]
[SourceVersionDate "2007.11.25"]
[SourceQuality "1"]

1. e4 c5 2. Nf3 Nc6 3. Bb5 g6 4. 0-0 Bg7 5. c3 e5 6. d4 cxd4 7. cxd4 Nxd4 8. Nxd4 exd4 9. f4 Ne7 10. f5 Be5 11. Nd2 Qc7 12. Nf3 gxf5 13. exf5 a6 14. Nxe5 Qxe5 15. Re1 Qxf5 16. Qxd4 f6 17. Qd6 1-0